000 00477nam a22001812 4500
001 0000004281
005 20170406115713.0
008 140905s xx 000 0 eng d
020 _c$
040 _aYour Holding Symbol
_cYour Holding Symbol
100 1 _aPlath,Sylvia.
245 1 4 _aThe colossus and other poems.
250 _a ed.
260 _aNew york :
_bVintage books,
_c1957.
300 _a83 p. ;
_c cm.
650 0 _apoems.
908 _a140905
999 _c4114
_d4114